00426nam a2200145Ia 4500003000500000005001700005008004100022020003500063040001400098082001500112100001700127245007100144260004200215300002300257322820240715124416.0210817s9999 xx ed 000 1 AFR d a9780795923630qHardcover (hbk) aRDAc3228 aLP AF HENN aHenning, Nan 0aWaar die Alpekrokus blom cNan Henning; Omslagontwerp: Ben Viljoen aPretoriabDaan Retief uitgewersc1991 a283 Pages;c21 cm.